Experiments in small craft leeway /

Bibliographic Details
Main Author: Morgan, Charles W.
Other Authors: Brown, Savage E., Murrell, Robert C.
Format: Government Document Book
Language:English
Published: Washington, D.C. : U.S. coast Guard Oceanographic Unit, [1975?]
Series:Technical report (United States. Coast Guard. Oceanographic Unit) ; 77-2.
Subjects:

MARC

Tag First Indicator Second Indicator Subfields
LEADER 00000cam a2200000Ia 4500
001 in00002393607
005 20151109062629.0
008 030320s1975 dcua b 000 0 eng d
035 |a (OCoLC)ocm51887049 
035 |a (OCoLC)51887049 
040 |a PAY  |c PAY  |d UtOrBLW 
049 |a TXAM 
086 0 |a TD 5.18/2:77-2 
090 |a VM156  |b .M67 1975 
100 1 |a Morgan, Charles W. 
245 1 0 |a Experiments in small craft leeway /  |c Charles W. Morgan, Savage E. Brown, Robert C. Murrell. 
264 1 |a Washington, D.C. :  |b U.S. coast Guard Oceanographic Unit,  |c [1975?] 
300 |a 1 volume (various pagings) :  |b illustrations ;  |c 27 cm. 
336 |a text  |b txt  |2 rdacontent 
337 |a unmediated  |b n  |2 rdamedia 
338 |a volume  |b nc  |2 rdacarrier 
490 1 |a Technical report / U.S. Coast Guard Oceanographic Unit ;  |v 77-2 
500 |a On page [1] of cover: Department of Transportation. Coast Guard. 
500 |a "The reports in this series are given limited distribution within agencies, universities, and institutions engaging in cooperative projects with the U.S. Coast Guard." 
504 |a Includes bibliographical references (page 10). 
650 0 |a Ships  |x Hydrodynamics. 
700 1 |a Brown, Savage E. 
700 1 |a Murrell, Robert C. 
830 0 |a Technical report (United States. Coast Guard. Oceanographic Unit) ;  |v 77-2. 
948 |a cataloged  |b h  |c 2008/06/05  |e revaughan  |f 2:30:10 pm 
994 |a C0  |b TXA 
999 |a MARS 
999 f f |s bb350f05-d9c7-302a-8a5e-808ccd0f547b  |i fded6ff5-096b-31eb-b156-bfcac7d1740e  |t 0 
952 f f |p normal  |a Texas A&M University  |b College Station  |c Sterling C. Evans Library  |d Evans: US Documents (Annex 5th floor)  |t 0  |e TD 5.18/2:77-2  |h Superintendent of Documents classification  |i unmediated -- volume  |m A14836970303 
998 f f |a TD 5.18/2:77-2  |t 0  |l Evans: US Documents (Annex 5th floor)